[Event "BRA-ch Amateur U1600"]
[Site "Sao Paulo"]
[Date "2022.06.16"]
[Round "1"]
[White "Roeder, Guilherme H Oliveir"]
[Black "Archangelo, Rafael Vieira"]
[Result "0-1"]
[WhiteElo "1736"]
[BlackElo "1359"]
[PlyCount "52"]
[EventDate "2022.06.16"]
[EventType "swiss"]
[EventRounds "7"]
[EventCountry "BRA"]
[SourceTitle "CBM 208 Extra"]
[Source "ChessBase"]
[SourceDate "2022.07.31"]
[SourceVersion "1"]
[SourceVersionDate "2022.07.31"]
[SourceQuality "1"]

1. e4 e6 2. d4 d5 3. e5 c5 4. c3 Nc6 5. Nf3 Nge7 6. Bb5 cxd4 7. cxd4 Nf5 8. Be3 Nxe3 9. fxe3 Bb4+ 10. Nc3 Bd7 11. 0-0 0-0 12. a3 Bxc3 13. bxc3 Nxe5 14. Bxd7 Nxd7 15. Ne5 Nxe5 16. dxe5 Qc7 17. Qd4 b6 18. Rf3 Rac8 19. Rg3 Qxc3 20. Qg4 Qxa1+ 21. Kf2 Qxe5 22. Rh3 Rc2+ 23. Kf3 Qf5+ 24. Kg3 Qxg4+ 25. Kxg4 Rxg2+ 26. Kf3 Ra2 0-1

[Event "Sao Jose dos Campos op"]
[Site "Sao Jose dos Campos"]
[Date "2021.10.12"]
[Round "6"]
[White "Melo, Sergio Roberto Samp"]
[Black "Archangelo, Rafael Vieira"]
[Result "1-0"]
[WhiteElo "1636"]
[BlackElo "1382"]
[PlyCount "85"]
[EventDate "2021.10.09"]
[EventType "swiss"]
[EventRounds "7"]
[EventCountry "BRA"]
[SourceTitle "CBM 204 Extra"]
[Source "ChessBase"]
[SourceDate "2021.11.30"]
[SourceVersion "1"]
[SourceVersionDate "2021.11.30"]
[SourceQuality "1"]

1. Nf3 d5 2. c4 e6 3. g3 Nf6 4. Bg2 Be7 5. 0-0 0-0 6. b3 c5 7. cxd5 Nxd5 8. Bb2 Nc6 9. Na3 b6 10. Nc4 Bb7 11. Nfe5 Nxe5 12. Nxe5 Qc7 13. Nc4 Bf6 14. Bxf6 Nxf6 15. Bxb7 Qxb7 16. Qc2 b5 17. Ne5 Rac8 18. d3 Nd5 19. Qb2 f5 20. Nf3 Qc7 21. Rac1 b4 22. d4 Nc3 23. a3 a5 24. axb4 axb4 25. e3 Qb7 26. Ne5 Qd5 27. Nd3 Qf3 28. Rfe1 cxd4 29. Ne5 Qh5 30. Kg2 dxe3 31. fxe3 Rf6 32. Nd3 Rh6 33. Rh1 Qg5 34. Rhe1 Qh5 35. Kg1 Qg5 36. Qf2 Rf8 37. Nxb4 Ne4 38. Qf4 Qh5 39. Rc2 Ng5 40. Kh1 Nf3 41. Ree2 Nxh2 42. Rxh2 Qd1+ 43. Kg2 1-0

[Event "Sao Jose dos Campos op"]
[Site "Sao Jose dos Campos"]
[Date "2021.10.09"]
[Round "2"]
[White "Sampaio, Andre Luiz"]
[Black "Archangelo, Rafael Vieira"]
[Result "1-0"]
[WhiteElo "1655"]
[BlackElo "1382"]
[PlyCount "59"]
[EventDate "2021.10.09"]
[EventType "swiss"]
[EventRounds "7"]
[EventCountry "BRA"]
[SourceTitle "CBM 204 Extra"]
[Source "ChessBase"]
[SourceDate "2021.11.30"]
[SourceVersion "1"]
[SourceVersionDate "2021.11.30"]
[SourceQuality "1"]

1. e4 e6 2. d4 d5 3. Nc3 Nf6 4. e5 Nfd7 5. f4 c5 6. Nf3 Nc6 7. Be2 Be7 8. 0-0 0-0 9. Be3 a6 10. Kh1 c4 11. g4 Nb6 12. Qe1 f6 13. Qg3 fxe5 14. fxe5 Bd7 15. h4 Nb4 16. Rac1 Na4 17. Nxa4 Bxa4 18. b3 cxb3 19. axb3 Bd7 20. c3 Nc6 21. b4 Na7 22. Bg5 Bxg5 23. Nxg5 Qc7 24. Qd3 g6 25. Rf6 Rxf6 26. exf6 Bb5 27. f7+ Kg7 28. Qe3 Qd7 29. Qe5+ Kf8 30. Qf6 1-0

[Event "Sao Jose dos Campos op 3rd"]
[Site "Sao Jose dos Campos"]
[Date "2021.08.22"]
[Round "5"]
[White "Salles, Henrique"]
[Black "Archangelo, Rafael Vieira"]
[Result "0-1"]
[WhiteElo "1247"]
[BlackElo "1800"]
[PlyCount "84"]
[EventDate "2021.08.21"]
[EventType "swiss"]
[EventRounds "5"]
[EventCountry "BRA"]
[SourceTitle "CBM 204 Extra"]
[Source "ChessBase"]
[SourceDate "2021.11.30"]
[SourceVersion "1"]
[SourceVersionDate "2021.11.30"]
[SourceQuality "1"]

1. e4 e6 2. d4 d5 3. exd5 exd5 4. Bd3 Nf6 5. Nf3 Bd6 6. 0-0 0-0 7. Bg5 c6 8. Re1 Be6 9. Nbd2 Nbd7 10. c3 h6 11. Bh4 Qc7 12. Ne5 Nxe5 13. dxe5 Bxe5 14. Nf3 Nd7 15. Nxe5 Nxe5 16. Bg3 f6 17. Qh5 Qf7 18. Qxf7+ Bxf7 19. Bxe5 fxe5 20. Rxe5 Rae8 21. Rae1 Rxe5 22. Rxe5 Re8 23. Rxe8+ Bxe8 24. f4 Kf7 25. Kf2 Kf6 26. Kf3 Bf7 27. h3 d4 28. cxd4 Bxa2 29. Bc2 Be6 30. g4 a5 31. f5 Bd7 32. Kf4 b5 33. h4 Be8 34. g5+ hxg5+ 35. hxg5+ Kf7 36. Bb3+ Ke7 37. Ke5 a4 38. Bc2 Bf7 39. f6+ Kf8 40. Kd6 Bd5 41. Bf5 Kf7 42. Bc8 b4 0-1

[Event "Sao Paulo op-C U1700 8th"]
[Site "Sao Paulo"]
[Date "2019.10.17"]
[Round "1"]
[White "Nobre, Jose Adalberto Barb"]
[Black "Archangelo, Rafael Vieira"]
[Result "1-0"]
[WhiteElo "1599"]
[BlackElo "1800"]
[PlyCount "71"]
[EventDate "2019.10.17"]
[EventType "swiss"]
[EventRounds "6"]
[EventCountry "BRA"]
[SourceTitle "CBM 192 Extra"]
[Source "Chessbase"]
[SourceDate "2019.11.06"]
[SourceVersion "1"]
[SourceVersionDate "2019.11.06"]
[SourceQuality "1"]

1. e4 e6 2. d3 c5 3. Nf3 Nc6 4. g3 g6 5. Bg2 Bg7 6. 0-0 Nge7 7. Nc3 d6 8. Re1 0-0 9. Bg5 Qc7 10. Qd2 f5 11. exf5 Nxf5 12. Bf4 e5 13. Be3 Nxe3 14. Qxe3 Bg4 15. Nd5 Qd7 16. c3 Ne7 17. Ng5 Nxd5 18. Bxd5+ Kh8 19. h3 Bxh3 20. Kh2 Bf5 21. Rh1 h6 22. Kg2 Qe7 23. Rh2 h5 24. Ne4 Bg4 25. Nd2 Be6 26. Be4 Rf6 27. Rah1 Kg8 28. c4 Raf8 29. Kg1 Kf7 30. Nf3 Ke8 31. Nh4 Bf7 32. Qe2 Bh6 33. g4 Bf4 34. Rg2 hxg4 35. Rxg4 g5 36. Bxb7 1-0